[Event "Monastir Slama Memorial"]
[Site "Monastir"]
[Date "2024.09.05"]
[Round "5"]
[White "Barbaria, Yacine"]
[Black "Taher, Rami"]
[Result "0-1"]
[WhiteElo "2179"]
[BlackElo "2026"]
[PlyCount "87"]
[EventDate "2024.09.02"]
[EventType "swiss"]
[EventRounds "9"]
[EventCountry "TUN"]
[SourceTitle "EXT 2025"]
[Source "ChessBase"]
[SourceDate "2024.10.14"]
[SourceVersion "1"]
[SourceVersionDate "2024.10.14"]
[SourceQuality "1"]

1. e4 d6 2. d4 Nf6 3. Nc3 e5 4. Nf3 Nbd7 5. Bc4 Be7 6. h3 0-0 7. Be3 c6 8. a4 h6 9. a5 Qc7 10. 0-0 b6 11. axb6 Nxb6 12. Bb3 Bb7 13. dxe5 dxe5 14. Nh4 c5 15. Qf3 c4 16. Ba2 Nxe4 17. Nxe4 Bxh4 18. Qg4 f5 19. Qxh4 Bxe4 20. b4 f4 21. Bc5 Rfd8 22. Rac1 Rd2 23. Rfe1 Bxc2 24. Rxc2 Rxc2 25. Bb1 Rd2 26. Qg4 Nd5 27. Qf5 Nf6 28. Rxe5 Rd1+ 29. Kh2 f3 30. g3 Qd7 31. Qxf3 Rxb1 32. Qxa8+ Kh7 33. Qf3 c3 34. Re7 Qd5 35. Qxd5 Nxd5 36. Re2 Rb2 37. Re1 Nxb4 38. Bd4 Nd5 39. Rc1 a5 40. Kg2 Rb3 41. Kf3 c2+ 42. Ke2 Nb4 43. Bc5 Rb1 44. Be3 0-1

[Event "Monastir Slama Memorial"]
[Site "Monastir"]
[Date "2024.09.04"]
[Round "4"]
[White "Taher, Rami"]
[Black "Belouadah, Saad"]
[Result "1/2-1/2"]
[WhiteElo "2026"]
[BlackElo "2352"]
[PlyCount "118"]
[EventDate "2024.09.02"]
[EventType "swiss"]
[EventRounds "9"]
[EventCountry "TUN"]
[SourceTitle "EXT 2025"]
[Source "ChessBase"]
[SourceDate "2024.10.14"]
[SourceVersion "1"]
[SourceVersionDate "2024.10.14"]
[SourceQuality "1"]

1. Nf3 d6 2. e4 Nf6 3. d3 g6 4. g3 Bg7 5. Bg2 0-0 6. 0-0 c5 7. Re1 e5 8. c3 Nc6 9. a3 a5 10. a4 Ne8 11. Nbd2 b6 12. Nc4 Rb8 13. Bg5 f6 14. Be3 Be6 15. Qd2 d5 16. exd5 Bxd5 17. Qe2 Nd6 18. Nfd2 Bxg2 19. Kxg2 Nxc4 20. Nxc4 f5 21. f4 Re8 22. fxe5 Qd5+ 23. Qf3 Qxd3 24. Qxc6 Qxc4 25. Bf4 Re6 26. Qd7 Rbe8 27. Rad1 h6 28. h4 Bf8 29. Qd2 Kh7 30. Qc2 h5 31. Rd7+ R8e7 32. Red1 Bg7 33. R1d5 Kg8 34. b3 Qa6 35. c4 Rxd7 36. Rxd7 Bxe5 37. Bxe5 Rxe5 38. Qd2 Qa8+ 39. Kh2 Qe4 40. Rd8+ Kf7 41. Rd7+ Re7 42. Qd6 Rxd7 43. Qxd7+ Qe7 44. Qd5+ Qe6 45. Qb7+ Kf6 46. Qc7 Qe2+ 47. Kh3 Qf1+ 48. Kh2 Qf2+ 49. Kh3 f4 50. Qd6+ Kf5 51. Qd5+ Kf6 52. Qd6+ Kf5 53. Qd5+ Kf6 54. Qg5+ Kf7 55. Qxf4+ Qxf4 56. gxf4 Ke6 57. Kg3 Kf6 58. Kf2 Ke6 59. Ke3 Kf6 1/2-1/2

[Event "Sousse BICA op 1st"]
[Site "Sousse"]
[Date "2021.12.27"]
[Round "5"]
[White "Taher, Rami"]
[Black "Ahmaida, Mohamed"]
[Result "1-0"]
[WhiteElo "2046"]
[BlackElo "1715"]
[PlyCount "75"]
[EventDate "2021.12.24"]
[EventType "swiss"]
[EventRounds "9"]
[EventCountry "TUN"]
[SourceTitle "CBM 205 Extra"]
[Source "ChessBase"]
[SourceDate "2022.01.31"]
[SourceVersion "1"]
[SourceVersionDate "2022.01.31"]
[SourceQuality "1"]

1. Nf3 c5 2. g3 Nc6 3. Bg2 d5 4. 0-0 Nf6 5. d3 e5 6. Nbd2 g6 7. e4 d4 8. Nc4 Qc7 9. a4 Bg4 10. h3 Be6 11. Ne1 Bxc4 12. dxc4 Bg7 13. Nd3 Qd6 14. f4 0-0-0 15. fxe5 Nxe5 16. Nxe5 Qxe5 17. Bf4 Qe6 18. Qf3 Rd7 19. a5 a6 20. Qd3 Nh5 21. b4 cxb4 22. Rab1 Nxf4 23. gxf4 Bf8 24. h4 Qg4 25. Rf3 Rd8 26. c5 Qxh4 27. Qc4 Qe7 28. Qxb4 Qc7 29. Bh3+ Kb8 30. Rfb3 Bxc5 31. Qxb7+ Qxb7 32. Rxb7+ Ka8 33. Rc7 Bd6 34. Rc6 Bb8 35. Rxa6+ Ba7 36. e5 Rd5 37. Bg2 Rhd8 38. Rd6 1-0

[Event "Mahalla op 16th"]
[Site "Mahalla"]
[Date "2015.07.29"]
[Round "6"]
[White "Taher, Rami"]
[Black "Hassan, Sayed Barakat"]
[Result "1/2-1/2"]
[WhiteElo "2068"]
[BlackElo "2333"]
[PlyCount "60"]
[EventDate "2015.07.24"]
[EventType "swiss"]
[EventRounds "9"]
[EventCountry "EGY"]
[SourceTitle "EXT 2016"]
[Source "ChessBase"]
[SourceDate "2015.10.08"]
[SourceVersion "1"]
[SourceVersionDate "2015.10.08"]
[SourceQuality "1"]

1. e4 e6 2. d3 d5 3. Nd2 g6 4. Ngf3 Bg7 5. g3 Ne7 6. Bg2 c5 7. 0-0 0-0 8. Re1 Nbc6 9. c3 b5 10. e5 Qc7 11. Qe2 a5 12. h4 b4 13. Nf1 a4 14. a3 bxc3 15. bxc3 Ba6 16. N1h2 Qa5 17. Bd2 Rab8 18. c4 Qd8 19. Bg5 h6 20. Bc1 dxc4 21. dxc4 Nd4 22. Nxd4 Qxd4 23. Be3 Qxc4 24. Qxc4 Bxc4 25. Bxc5 Rfe8 26. Rac1 Bd5 27. Bxe7 Rxe7 28. Bxd5 exd5 29. Red1 Rb3 30. Rxd5 Rxa3 1/2-1/2

[Event "Algiers Ameyar Memorial 13th"]
[Site "Algiers"]
[Date "2015.06.13"]
[Round "7"]
[White "Belouadah, Saad"]
[Black "Taher, Rami"]
[Result "1/2-1/2"]
[WhiteElo "2376"]
[BlackElo "2018"]
[PlyCount "71"]
[EventDate "2015.06.09"]
[EventType "swiss"]
[EventRounds "9"]
[EventCountry "ALG"]
[SourceTitle "CBM 167 Extra"]
[Source "ChessBase"]
[SourceDate "2015.09.14"]
[SourceVersion "1"]
[SourceVersionDate "2015.09.14"]
[SourceQuality "1"]

1. d4 d6 2. e4 Nf6 3. Nc3 Nbd7 4. Nf3 e5 5. Bc4 Be7 6. 0-0 0-0 7. Re1 c6 8. a4 Qc7 9. Ba2 exd4 10. Nxd4 Ne5 11. h3 Ng6 12. f4 Re8 13. Be3 h6 14. Qf3 Bf8 15. Bf2 Qa5 16. g4 Nh7 17. Rad1 Be6 18. Nxe6 fxe6 19. h4 d5 20. exd5 exd5 21. Rxe8 Rxe8 22. Nxd5 Kh8 23. h5 Ne7 24. Nc3 Nf6 25. Bb3 Ned5 26. Nxd5 Nxd5 27. g5 hxg5 28. fxg5 Bc5 29. h6 Rf8 30. Qh5 Rxf2 31. hxg7+ Kxg7 32. Qh6+ Kg8 33. Kh1 Qb4 34. Qg6+ Kf8 35. Qh6+ Kg8 36. Qg6+ 1/2-1/2

[Event "Algiers Ameyar Memorial 13th"]
[Site "Algiers"]
[Date "2015.06.12"]
[Round "6"]
[White "Taher, Rami"]
[Black "Saifi, Walid"]
[Result "1-0"]
[WhiteElo "2018"]
[BlackElo "2061"]
[PlyCount "81"]
[EventDate "2015.06.09"]
[EventType "swiss"]
[EventRounds "9"]
[EventCountry "ALG"]
[SourceTitle "CBM 167 Extra"]
[Source "ChessBase"]
[SourceDate "2015.09.14"]
[SourceVersion "1"]
[SourceVersionDate "2015.09.14"]
[SourceQuality "1"]

1. e4 d6 2. Nf3 Nf6 3. d3 g6 4. g3 Bg7 5. Bg2 Nbd7 6. 0-0 0-0 7. Re1 e5 8. c3 c6 9. d4 Re8 10. Nbd2 Qc7 11. a4 a5 12. dxe5 Nxe5 13. Nxe5 dxe5 14. h3 Nh5 15. Nc4 Rd8 16. Qe2 Be6 17. Be3 Bxc4 18. Qxc4 Kh8 19. Rad1 f5 20. exf5 gxf5 21. Qh4 Rxd1 22. Rxd1 Qf7 23. Rd8+ Rxd8 24. Qxd8+ Qf8 25. Qxf8+ Bxf8 26. Bb6 Bd6 27. Bxa5 Kg7 28. Bb6 Nf6 29. b4 Nd7 30. Be3 f4 31. gxf4 exf4 32. Bd4+ Ne5 33. b5 Kf7 34. bxc6 bxc6 35. a5 Nd7 36. a6 c5 37. a7 Nb6 38. Bh8 Ke6 39. a8Q Nxa8 40. Bxa8 c4 41. Bg2 1-0

[Event "Arab Clubs-chT"]
[Site "Monastir"]
[Date "2013.11.09"]
[Round "8.2"]
[White "Khelfallah, Omar Badreddine"]
[Black "Taher, Rami"]
[Result "1-0"]
[WhiteElo "2096"]
[BlackElo "2028"]
[PlyCount "44"]
[EventDate "2013.11.04"]
[EventType "team-tourn"]
[EventRounds "9"]
[EventCountry "TUN"]
[SourceTitle "EXT 2014"]
[Source "ChessBase"]
[SourceDate "2013.11.20"]
[SourceVersion "1"]
[SourceVersionDate "2013.11.20"]
[SourceQuality "1"]
[WhiteTeam "CEC"]
[BlackTeam "Al Ahli"]
[WhiteTeamCountry "ALG"]
[BlackTeamCountry "LBY"]

1. e4 d6 2. c4 e5 3. Nc3 Nf6 4. g3 g6 5. Bg2 Bg7 6. Nge2 0-0 7. 0-0 Nbd7 8. d3 Nc5 9. h3 Ne6 10. Be3 c6 11. f4 exf4 12. gxf4 Re8 13. d4 Nh5 14. Qd2 f5 15. exf5 gxf5 16. Rad1 Nf8 17. Kh2 Ng6 18. Bf3 Nf6 19. Ng3 Bh6 20. Rg1 Kh8 21. Rde1 Rg8 22. Qd3 Nh4 1-0

[Event "Arab Clubs-chT"]
[Site "Monastir"]
[Date "2013.11.08"]
[Round "7.2"]
[White "Taher, Rami"]
[Black "Moayed, Obied"]
[Result "1/2-1/2"]
[WhiteElo "2028"]
[BlackElo "2058"]
[PlyCount "32"]
[EventDate "2013.11.04"]
[EventType "team-tourn"]
[EventRounds "9"]
[EventCountry "TUN"]
[SourceTitle "EXT 2014"]
[Source "ChessBase"]
[SourceDate "2013.11.20"]
[SourceVersion "1"]
[SourceVersionDate "2013.11.20"]
[SourceQuality "1"]
[WhiteTeam "Al Ahli"]
[BlackTeam "Amman"]
[WhiteTeamCountry "LBY"]
[BlackTeamCountry "JOR"]

1. e4 c5 2. Nf3 g6 3. d3 Bg7 4. g3 Nc6 5. Bg2 d6 6. 0-0 Bd7 7. Re1 Rb8 8. a4 a6 9. c3 e5 10. Nbd2 b5 11. axb5 axb5 12. Nh4 Nge7 13. f4 0-0 14. f5 g5 15. Nhf3 f6 16. Nf1 Be8 1/2-1/2

[Event "Arab Clubs-chT"]
[Site "Monastir"]
[Date "2013.11.06"]
[Round "4.2"]
[White "Shoker, Samy"]
[Black "Taher, Rami"]
[Result "1-0"]
[WhiteElo "2500"]
[BlackElo "2028"]
[PlyCount "81"]
[EventDate "2013.11.04"]
[EventType "team-tourn"]
[EventRounds "9"]
[EventCountry "TUN"]
[SourceTitle "EXT 2014"]
[Source "ChessBase"]
[SourceDate "2013.11.20"]
[SourceVersion "1"]
[SourceVersionDate "2013.11.20"]
[SourceQuality "1"]
[WhiteTeam "Sharkia Dokhan"]
[BlackTeam "Al Ahli"]
[WhiteTeamCountry "EGY"]
[BlackTeamCountry "LBY"]

1. c4 Nf6 2. g3 d6 3. Bg2 e5 4. Nc3 g6 5. d3 Bg7 6. Nf3 0-0 7. 0-0 Nbd7 8. Rb1 a5 9. a3 c6 10. b4 axb4 11. axb4 Qe7 12. Nd2 Nb6 13. Nb3 d5 14. Na5 dxc4 15. Be3 Qc7 16. Bxb6 Qxb6 17. Nxc4 Qc7 18. b5 Bd7 19. Qb3 Ne8 20. Qb4 f5 21. bxc6 Bxc6 22. Nd5 Bxd5 23. Bxd5+ Kh8 24. Qxb7 Rd8 25. Qc6 Qxc6 26. Bxc6 Nd6 27. Nd2 Rb8 28. Nf3 Bf6 29. Bd5 Rfd8 30. Bc4 Rdc8 31. Bd5 h6 32. Rfc1 Rxc1+ 33. Rxc1 e4 34. dxe4 fxe4 35. Ne1 e3 36. f4 Rb2 37. Kf1 Nf5 38. Rc8+ Kg7 39. Rg8+ Kh7 40. g4 Bc3 41. gxf5 1-0

[Event "Arab Clubs-chT"]
[Site "Monastir"]
[Date "2013.11.05"]
[Round "2.2"]
[White "Danar Jamaj, Qadir Ghaffoori"]
[Black "Taher, Rami"]
[Result "1/2-1/2"]
[WhiteElo "2070"]
[BlackElo "2028"]
[PlyCount "46"]
[EventDate "2013.11.04"]
[EventType "team-tourn"]
[EventRounds "9"]
[EventCountry "TUN"]
[SourceTitle "EXT 2014"]
[Source "ChessBase"]
[SourceDate "2013.11.20"]
[SourceVersion "1"]
[SourceVersionDate "2013.11.20"]
[SourceQuality "1"]
[WhiteTeam "Khanzad"]
[BlackTeam "Al Ahli"]
[WhiteTeamCountry "IRQ"]
[BlackTeamCountry "LBY"]

1. e4 d6 2. d4 Nf6 3. Bd3 e5 4. c3 Be7 5. Ne2 0-0 6. 0-0 Re8 7. f4 c6 8. Qc2 Nbd7 9. Kh1 Bf8 10. Be3 g6 11. Nd2 Bg7 12. Rae1 Qc7 13. Ng3 Ng4 14. Bg1 exf4 15. Rxf4 Nf8 16. Ref1 Nh6 17. Bc4 Ne6 18. R4f3 b5 19. Bb3 a5 20. a4 bxa4 21. Bc4 Ng5 22. Rf4 Ne6 23. R4f3 Ng5 1/2-1/2

[Event "Arab Cities-chT"]
[Site "Monastir"]
[Date "2013.11.02"]
[Round "7.3"]
[White "Moulay, Mehdi"]
[Black "Taher, Rami"]
[Result "0-1"]
[WhiteElo "2069"]
[BlackElo "2028"]
[PlyCount "56"]
[EventDate "2013.10.27"]
[EventType "team-swiss"]
[EventRounds "7"]
[EventCountry "TUN"]
[SourceTitle "EXT 2014"]
[Source "ChessBase"]
[SourceDate "2013.11.20"]
[SourceVersion "1"]
[SourceVersionDate "2013.11.20"]
[SourceQuality "1"]
[WhiteTeam "ASEl Hillel"]
[BlackTeam "Tripoli"]
[WhiteTeamCountry "ALG"]
[BlackTeamCountry "LBY"]

1. d4 d6 2. c3 g6 3. e4 Bg7 4. Nf3 Nf6 5. Bd3 0-0 6. 0-0 Nbd7 7. h3 e5 8. Bg5 h6 9. Be3 Re8 10. dxe5 dxe5 11. Nh2 Qe7 12. Nd2 b6 13. Ng4 Nxg4 14. hxg4 Nc5 15. Be2 Bb7 16. Qc2 Rad8 17. b4 Ne6 18. g3 c5 19. b5 Nd4 20. cxd4 exd4 21. Bf4 g5 22. Bxg5 hxg5 23. Bd3 Qe6 24. f3 Be5 25. Kg2 Kg7 26. Nc4 Rh8 27. Rh1 Bc7 28. Qd2 f6 0-1

[Event "Arab-ch U20"]
[Site "Tripoli"]
[Date "2010.01.30"]
[Round "3"]
[White "Taher, Rami"]
[Black "Gator, Mosab"]
[Result "0-1"]
[WhiteElo "1965"]
[BlackElo "2147"]
[PlyCount "81"]
[EventDate "2010.01.28"]
[EventType "swiss"]
[EventRounds "9"]
[EventCountry "LBY"]
[SourceTitle "CBM 134 Extra"]
[Source "ChessBase"]
[SourceDate "2010.03.03"]
[SourceVersion "1"]
[SourceVersionDate "2010.03.03"]
[SourceQuality "1"]

1. e4 d5 2. exd5 Qxd5 3. Nc3 Qd6 4. d4 Nf6 5. Nf3 a6 6. g3 Bg4 7. h3 Bh5 8. Be2 Nc6 9. Bf4 Qb4 10. a3 Qb6 11. g4 Bg6 12. 0-0 0-0-0 13. Na4 Qa7 14. c3 e5 15. Nxe5 Nxe5 16. Bxe5 b5 17. b4 bxa4 18. Qxa4 Nd5 19. Qc6 f6 20. Bg3 Nb6 21. Bxa6+ Kb8 22. Be2 Bd6 23. f4 Qb7 24. Bf3 Qxc6 25. Bxc6 Be8 26. Bg2 Bb5 27. Rf2 Rhe8 28. a4 Bc4 29. a5 Nd5 30. b5 Re3 31. Rf3 Rde8 32. a6 Ka7 33. Bf2 Rxf3 34. Bxf3 Bxf4 35. Ra4 Nb6 36. d5 Be3 37. Ra1 Nc8 38. Kg2 Bxf2 39. Kxf2 Nb6 40. Rd1 Bxb5 41. h4 0-1

[Event "Wch U20"]
[Site "Puerto Madryn"]
[Date "2009.10.29"]
[Round "8"]
[White "Taher, Rami"]
[Black "Gallego Alcaraz, Andres Felipe"]
[Result "0-1"]
[WhiteElo "1946"]
[BlackElo "2404"]
[PlyCount "65"]
[EventDate "2009.10.22"]
[EventType "swiss"]
[EventRounds "13"]
[EventCountry "ARG"]
[SourceTitle "EXT 2010"]
[Source "ChessBase"]
[SourceDate "2010.11.25"]
[SourceVersion "1"]
[SourceVersionDate "2010.11.25"]
[SourceQuality "1"]

1. e4 c5 2. Nf3 Nc6 3. d3 g6 4. g3 Bg7 5. Bg2 d6 6. c3 Nf6 7. 0-0 0-0 8. Re1 Rb8 9. a4 a6 10. Na3 b5 11. axb5 axb5 12. h3 Nd7 13. Nc2 b4 14. d4 Qb6 15. Be3 Bb7 16. e5 bxc3 17. dxc5 Nxc5 18. b4 Nxb4 19. Rb1 Bxf3 20. Bxf3 Qa5 21. exd6 exd6 22. Nxb4 Rxb4 23. Qxd6 Rxb1 24. Rxb1 Ne6 25. Bg4 Be5 26. Qd3 Rd8 27. Qc4 Qd5 28. Qa4 Nd4 29. Bxd4 Qxd4 30. Qc2 Rd6 31. Re1 Rf6 32. Re2 h5 33. Bc8 0-1

[Event "Wch U20"]
[Site "Puerto Madryn"]
[Date "2009.10.26"]
[Round "6"]
[White "Catelli, Hernan"]
[Black "Taher, Rami"]
[Result "0-1"]
[WhiteElo "2200"]
[BlackElo "1946"]
[PlyCount "86"]
[EventDate "2009.10.22"]
[EventType "swiss"]
[EventRounds "13"]
[EventCountry "ARG"]
[SourceTitle "EXT 2010"]
[Source "ChessBase"]
[SourceDate "2010.11.25"]
[SourceVersion "1"]
[SourceVersionDate "2010.11.25"]
[SourceQuality "1"]

1. c4 Nf6 2. Nc3 e6 3. e4 d5 4. e5 Nfd7 5. d4 dxc4 6. Bxc4 c5 7. Nf3 cxd4 8. Qxd4 Nc6 9. Qf4 Be7 10. Qg3 Kf8 11. 0-0 h5 12. h4 a6 13. Ne4 Qc7 14. Bf4 Nd4 15. Rac1 Qxc4 16. Rxc4 Ne2+ 17. Kh2 Nxg3 18. fxg3 b5 19. Rc7 Bd8 20. Rc2 Bb7 21. Nd6 Bd5 22. Rfc1 g6 23. b3 Kg7 24. Kh3 Rf8 25. Ng5 Bb6 26. Nge4 Bd4 27. Rc7 Nxe5 28. Rd1 Bxe4 29. Nxe4 Ng4 30. Rxd4 e5 31. Rdd7 exf4 32. gxf4 Rae8 33. Ng5 Re3+ 34. Nf3 Re2 35. Kg3 Rxa2 36. Nd4 Kg8 37. f5 Nf6 38. fxg6 Nxd7 39. Rxd7 fxg6 40. Ne6 Ra3 41. Rg7+ Kh8 42. Rxg6 Rxb3+ 43. Kh2 Re8 0-1